| 000 | 00751nam a2200229 u 4500 | ||
|---|---|---|---|
| 005 | 20240924064031.0 | ||
| 008 | 091105s2007 ba r 000 0 spa d | ||
| 020 | _a9789875382046 | ||
| 035 | _aUPN01000173564 | ||
| 049 | _aCG | ||
| 050 | 4 |
_aLB1051 _bA6.6 |
|
| 245 | 0 | 0 |
_aAprendizaje, sujetos y escenarios : _binvestigaciones y prácticas en psicología educacional / _cLeandro Legaspi ... [et al.] ; comp. Diana Aisenson. |
| 260 |
_aBuenos Aires : _bNoveduc, _c2007. |
||
| 300 | _a270 p. | ||
| 440 | 0 | _aConjunciones | |
| 650 | 4 |
_aPsicología educativa _95197 |
|
| 650 | 4 |
_aEducación _xInvestigación _94070 |
|
| 650 | 4 |
_aPsicopedagogía _95085 |
|
| 700 | 1 |
_aAisenson, Diana B., _ecomp. |
|
| 700 | 1 |
_aLegaspi, Leandro, _ecoaut. |
|
| 905 | _aLibro | ||
| 999 |
_c145668 _d145668 |
||